Poesía / (Record no. 109169)

MARC details
000 -LEADER
campo de control de longitud fija 00740nam a2200229 4500
001 - NÚMERO DE CONTROL
campo de control 109169
003 - IDENTIFICADOR DE NÚMERO DE CONTROL
campo de control ES-MaACL
005 - FECHA Y HORA DE LA ÚLTIMA TRANSACCIÓN
campo de control 20240605104805.0
007 - CAMPO FIJO DE DESCRIPCIÓN FÍSICA--INFORMACIÓN GENERAL
campo de control de longitud fija t|
008 - DATOS DE LONGITUD FIJA--INFORMACIÓN GENERAL
campo de control de longitud fija 061121s1979 sp r ||||1| spa d
100 1# - ENTRADA PRINCIPAL--NOMBRE DE PERSONA
Nombre de persona Muelas, Federico,
Fechas asociadas al nombre 1909-1974
9 (RLIN) 84034
245 10 - MENCIÓN DEL TÍTULO
Título Poesía /
Mención de responsabilidad, etc. Federico Muelas; edición a cargo de Carlos de la Rica.
260 ## - PUBLICACIÓN, DISTRIBUCIÓN, ETC.
Lugar de publicación, distribución, etc. Cuenca ; Madrid :
Nombre del editor, distribuidor, etc. Diputación Provincial de Cuenca : Do-Mo,
Fecha de publicación, distribución, etc. 1979.
300 ## - DESCRIPCIÓN FÍSICA
Extensión 821 p. ;
Dimensiones 20 cm.
490 1# - MENCIÓN DE SERIE
Mención de serie El toro de barro ;
Designación de volumen o secuencia 9
700 0# - ENTRADA AGREGADA--NOMBRE PERSONAL
Nombre de persona Rica, Carlos de la,
Fechas asociadas al nombre 1930-1997
9 (RLIN) 96845
830 0# - PUNTO DE ACCESO ADICIONAL DE SERIE-TÍTULO UNIFORME
Título uniforme El toro de barro ;
Designación de volumen o secuencia 9
9 (RLIN) 183381
852 ## - LOCALIZACIÓN
Ubicación ES-MaACL
Número de control de estantería A-10410
Sublocalización o colección R.99700
852 ## - LOCALIZACIÓN
Ubicación ES-MaACL
Número de control de estantería A-10411
Sublocalización o colección R.99542
942 ## - ELEMENTOS DE ENTRADA SECUNDARIOS (KOHA)
Fuente del sistema de clasificación o colocación Clasificación decimal universal
Holdings
Estatus retirado Estado de pérdida Estado de daño No para préstamo Biblioteca de origen Biblioteca actual Ubicación en estantería Fecha de adquisición Fuente de adquisición Total de préstamos Signatura topográfica completa Código de barras Visto por última vez Precio de reemplazo Tipo de ítem Koha
        Biblioteca del Ateneo de Madrid Biblioteca del Ateneo de Madrid Depósito 1 17/01/2008     A-10411 1113909 23/02/2023 23/02/2023 Libro impreso
        Biblioteca del Ateneo de Madrid Biblioteca del Ateneo de Madrid Depósito 1 17/01/2008     A-10410 1113908 23/02/2023 23/02/2023 Libro impreso